Praktická příručka pro nakládání s chemickými látkami a přípravky včetne nebezpečných : Obsah příručky odpovídá nejnovějšímu právnímu stavu.Základní dílo-stav leden 1999
Salvato in:
| Natura: | Libro |
|---|---|
| Pubblicazione: |
Praha :
Verlag Dashöfer,
1999
|
| Tags: |
Nessun Tag, puoi essere il primo ad aggiungerne!!
|
MARC
| LEADER | 00000nam a22000003a 4500 | ||
|---|---|---|---|
| 001 | stu51471 | ||
| 005 | 20150408180029.9 | ||
| 008 | 991227s1999----xr----------------------d | ||
| 020 | |a 80-86229-08-4 | ||
| 040 | |a STU |b slo | ||
| 041 | 0 | ||
| 044 | |a xr | ||
| 080 | |a 502.5:504:54.01(086.7) . | ||
| 245 | |a Praktická příručka pro nakládání s chemickými látkami a přípravky včetne nebezpečných : |b Obsah příručky odpovídá nejnovějšímu právnímu stavu.Základní dílo-stav leden 1999 | ||
| 260 | |a Praha : |b Verlag Dashöfer, |c 1999 | ||
| 300 | |a CD | ||
| 996 | |b MCD 45 |c M*CD-45 |l MMKN |s A |a 24 |w stu51471_0001 | ||